Chinese diamonds for the King of Kings / (Record no. 1212)

MARC details
000 -LEADER
fixed length control field 00525nam a2200193Ki 4500
001 - CONTROL NUMBER
control field 6006569
003 - CONTROL NUMBER IDENTIFIER
control field OSt
005 - DATE AND TIME OF LATEST TRANSACTION
control field 20180908141500.0
008 - FIXED-LENGTH DATA ELEMENTS--GENERAL INFORMATION
fixed length control field 800221s1945 miu 000 0 eng d
040 ## - CATALOGING SOURCE
Original cataloging agency CDC
Transcribing agency CDC
082 ## - DEWEY DECIMAL CLASSIFICATION NUMBER
Classification number 266
Item number G612C
092 ## - LOCALLY ASSIGNED DEWEY CALL NUMBER (OCLC)
Classification number 266.51
Item number G612
100 1# - MAIN ENTRY--PERSONAL NAME
Personal name Goforth, Rosalind,
Dates associated with a name 1864-
245 10 - TITLE STATEMENT
Title Chinese diamonds for the King of Kings /
Statement of responsibility, etc. By Rosalind Goforth
260 ## - PUBLICATION, DISTRIBUTION, ETC.
Place of publication, distribution, etc. Grand Rapids :
Name of publisher, distributor, etc. Zondervan Publishing House,
Date of publication, distribution, etc. 1945
300 ## - PHYSICAL DESCRIPTION
Extent 123 p. ;
Dimensions 21cm
650 #0 - SUBJECT ADDED ENTRY--TOPICAL TERM
Topical term or geographic name entry element Missions
Geographic subdivision China
942 ## - ADDED ENTRY ELEMENTS (KOHA)
Source of classification or shelving scheme Dewey Decimal Classification
Koha item type Books
Holdings
Withdrawn status Lost status Source of classification or shelving scheme Damaged status Not for loan Collection code Home library Current library Shelving location Date acquired Cost, normal purchase price Total Checkouts Full call number Barcode Date last seen Price effective from Koha item type
    Dewey Decimal Classification     Non-fiction Harvest Mission College Harvest Mission College General Stacks 08.09.2018 200.00   266 G612C 001665 08.09.2018 08.09.2018 Books

OPAC Designed and Maintained by HMC Library Team.
Copyright © HMC Library,Greater Noida, UP.
For any Suggestions/Query Contact library via Email:libhmc@gmail.com